Recognize Lady Gaga song - Statistics

General Stats
  • This quiz has been taken 112 times
  • The average score is 11 of 16
Answer Stats
Picture Answer % Correct
Telephone
99%
Paparazzi
93%
911
91%
Hair
88%
Teeth
86%
The Queen
82%
Diamond heart
80%
Monster
75%
Brown eyes
74%
Plastic doll
68%
Manicure
65%
Judas
64%
Venus
57%
Aura
54%
Americano
42%
Black eyes
20%
No matching quizzes found
Score Distribution
Percent of People with Each Score
Percentile by Number Answered
Your Score History
You have not taken this quiz